000 05325nam a22004937a 4500
005 20101206113148.0
010 _aHIN-91416 B-442591-609
020 _c100.00
_a9788128829987
035 _aHN-63762
035 _aB-442591-609
037 _bDBAD/PUB
037 _bआर.बी.सी.
082 _a641.5
100 _aखेर, शोभा
_932972
245 _aव्यंजनः कुछ नये, कुछ पुराने /
_cशोभा खेर
246 _aVayanjan_Kuchh naye, Kuchh purane
_bby Shobha Kher
260 _aनई दिल्ली
_bडायमंड पॉकेट बुक्स
_c2010
270 _bनई दिल्ली
_aX-30, ओखला इंडस्ट्रियल एरिया, फेज-11
_e110020
_k011- 41611861
_l011- 41611866
_msales@dpb.in
300 _a150पृ.
_c22सेमी (अजिल्द)
_bसचित्र
700 _924599
700 _924924
942 _2ddc
_cHN
_mखेरशो
_h641.5
999 _c49588
_d49588